| 000 | 00421nam a2200181Ia 4500 | ||
|---|---|---|---|
| 001 | 15381 | ||
| 005 | 20260306170152.0 | ||
| 008 | 260306t1991||||xx |||||||||||||| ||und|| | ||
| 041 | _aESP | ||
| 082 |
_a537 _bG94 |
||
| 100 |
_aGussow, Milton _eAUT |
||
| 245 | 0 | _aFundamentos de electricidad | |
| 260 | _c1991 | ||
| 300 |
_aix, 453 páginas : _c24 cm. |
||
| 650 | _aGEN | ||
| 654 | _aCCN | ||
| 942 |
_cLIB _dJUS _fJUS _2ddc _n |
||
| 999 |
_c15381 _d15381 |
||